000 01849nam0a2200421 i 4500
001 RU\NLR\BIBL_A\010218650
005 20241105144057.0
010 _a9785959609276
_91000
021 _aRU
_b2014-1511
_993
035 _a(NILC)RuMoRGB-006729534
035 _a(NLR Aleph) 010218650
090 _a10311651
_c10311651
100 _a20140314d2013 um y0rusy50 ca
101 0 _arus
102 _aRU
105 _aac||z|||001zy
200 1 _aЕссентуки
_eказачья станица и знаменитый курорт
_fЮ. Андреев
210 _aСтаврополь
_cАГРУС
_d2013
215 _a424 с.
_cил., портр.
_d21
300 _aНа 406-й с. авт.: Андреев Ю.П., гор. инженер-геолог
320 _aБиблиогр.: с. 415-421
320 _aДр. работы авт. на 406-й с.
320 _aИмен. указ.: с. 407-414
517 1 _aКазачья станица и знаменитый курорт
601 0 2 _aЕссентуки, курорт
_91381381
_3RU\NLR\AUTH\66266148
606 1 _aКазачество
_yКавказ Северный
_92055325
_3RU\NLR\AUTH\661232523
607 _aЕссентукская, станица (Российская Федерация, Ставропольский край, Предгорный район)
_2rugeo
607 _aЕссентуки, город (Ставропольский край)
_xИстория
_91041724
_3RU\NLR\AUTH\66401260
686 1 _aР354.99(2Р37-4Ст)
686 1 _aТ3(2Р-4Ст-2Е)
686 1 _aТ3(2Р37)0-294
700 1 _aАндреев
_bЮ. П.
_f1933-
_gЮрий Павлович
_4070
801 0 _aRU
_bРГБ
_c20140129
_gRCR
801 1 _aRU
_bРГБ
_c20140129
_2rusmarc
942 _cBOOK
980 _aNBR